| 000 | 00536nam a2200169 i 4500 | ||
|---|---|---|---|
| 001 | 21760 | ||
| 003 | ES-MaACL | ||
| 005 | 20230906152535.0 | ||
| 007 | t| | ||
| 008 | 021127s1982 sp ||||1| spa d | ||
| 100 | 1 |
_aAlcocer, María. _919563 |
|
| 245 | 1 | 0 |
_aCon cien huecos de luz tras la mirada / _cMaría Alcocer. |
| 260 |
_aTorralba de Calatrava : _bAyuntamiento ; _aCiudad Real : _bCervantes, _c1982. |
||
| 300 |
_a72 p. ; _c22 cm. |
||
| 710 | 1 |
_aTorralba de Calatrava. _bAyuntamiento. _96971 |
|
| 852 |
_aES-MaACL _jL-3130 _bR.104024 |
||
| 999 |
_c21760 _d21760 |
||